000 01572nam0a22003731 4500
001 rc\2267902
005 20110829190722.6
035 _a(NLR Aleph) 006549215
090 _a6721298
_c6721298
100 _a20110829d1977 |||y0rusy50 ca
101 0 _arus
102 _aRU
105 _aa z |||||
200 1 _aЭлектрометаллургия стали и ферросплавов
_e[Учеб. пособие для металлург. специальностей вузов]
_fФ.П. Еднерал
_gПод науч. ред. проф. Б.В. Линчевского и д-ра техн. наук О.С. Бобковой
205 _a4-е изд., испр. и доп.
210 _aМосква
_cМеталлургия
_d1977
215 _a487 с.
_cил.
_d22
320 _aСписок лит.: с. 477-478
320 _aПредм. указ.: с. 479-482
606 _aСталь
_jУчебники и пособия
_xЭлектрометаллургия
_2psbo
606 _aФерросплавы
_jУчебники и пособия
_xЭлектрометаллургия
_2psbo
686 _aК326я73-1
_2rubbk
686 _aК327.4я73-1
_2rubbk
700 1 _aЕднерал
_bФ. П.
_f1904-1967
_gФедор Прокопьевич
702 1 _aЛинчевский
_bБ. В.
_4340
702 1 _aБобкова
_bО. С.
_4340
801 0 _aRU
_bNLR
_gpsbo
801 1 _aRU
_bELAR
_2rusmarc
852 _aNLR
_j77-5/3123
899 _aRuMoRGB
_jБ 77-7/805
899 _aRuMoRGB
_jБ 77-7/806
899 _aRuMoRGB
_jАрх.
942 _cBOOK
980 _aNB